| 000 | 00342nam a22001337a 4500 | ||
|---|---|---|---|
| 999 |
_c529452 _d529452 |
||
| 003 | NUST | ||
| 038 | _awaseem | ||
| 082 |
_a340.1 _bSID |
||
| 100 |
_aDaskavi, Feroz ul Din _921547 |
||
| 245 |
_aMukhtaser Qanoni Islahaat / _cFeroz ul Din Daskavi _h |
||
| 260 |
_aIslamabad : _bMuqdare Qumi Zuban, _c1989. |
||
| 300 | _a32 p. ; | ||
| 942 |
_2ddc _cBK |
||